000 00400nam a22001577a 4500
005 20180328114743.0
008 160513b xxu||||| |||| 00| 0 eng d
041 _aeng
082 _b1865
_a338.7
100 _aFrancis cheruniLam
_94246
245 _aBusiness Environment Text & cases
260 _aMumbai
_bHimalaya Publishing House
_c1985
300 _a770
650 _aManagement
_9241
942 _cBK
999 _c719
_d719